Normal view MARC view

Entry Personal Name

Number of records used in: 5

001 - CONTROL NUMBER

  • control field: 3435

003 - CONTROL NUMBER IDENTIFIER

  • control field: MY-SjTCS

005 - DATE AND TIME OF LATEST TRANSACTION

  • control field: 20191205121744.0

008 - FIXED-LENGTH DATA ELEMENTS

  • fixed length control field: 140324nn a|a||abb| a a|a d

039 #9 -

  • : 201403241141
  • : shuhada
  • : 201109191612
  • : pushpa

040 ## - CATALOGING SOURCE

  • Original cataloging agency: VRT
  • Transcribing agency: VRT

100 1# - HEADING--PERSONAL NAME

  • Personal name: Myhrvold, Nathan

670 ## - SOURCE DATA FOUND

  • Source citation: Modernist cuisine at home /:
  • Information found: t.p. (Nathan Myhrvold with Maxime Bilet ; photography by Nathan Myhrvold, Melissa Lehuta and the Cooking Lab photography team.)

999 ## -

  • : VIRTUA4 x

999 ## -

  • : VTLSSORT0080*0400*1000*6700*9991